00342nam a2200133Ia 4500003000400000005001700004008004100021040000900062082001500071100002000086245004600106260004700152300000900199OSt20200118094227.0190216s9999||||xx |||||||||||||| ||und|| coclc a658bPAG/P a Pagare, Dinkar 0aPrinciples Of Management /cDinkar Pagare bSulthan Chand And Sons,c1981.aNew Delhi: a523p